Leadership : Theory and practice (Record no. 167742)
[ view plain ]
| 000 -LEADER | |
|---|---|
| fixed length control field | 00366nam a2200145Ia 4500 |
| 008 - FIXED-LENGTH DATA ELEMENTS--GENERAL INFORMATION | |
| fixed length control field | 231217s9999 xx 000 0 und d |
| 041 ## - LANGUAGE CODE | |
| Language code of text/sound track or separate title | English |
| 082 ## - DEWEY DECIMAL CLASSIFICATION NUMBER | |
| Classification number | 658.4092 DAF;1 `R' |
| 100 ## - MAIN ENTRY--PERSONAL NAME | |
| Personal name | Daft, Richard L |
| 245 #0 - TITLE STATEMENT | |
| Title | Leadership : Theory and practice |
| 260 ## - PUBLICATION, DISTRIBUTION, ETC. | |
| Date of publication, distribution, etc. | 1999 |
| Name of publisher, distributor, etc. | Harcourt Brace College |
| 300 ## - PHYSICAL DESCRIPTION | |
| Extent | xvi+496 |
| 650 ## - SUBJECT ADDED ENTRY--TOPICAL TERM | |
| Topical term or geographic name entry element | Leadership |
| 942 ## - ADDED ENTRY ELEMENTS (KOHA) | |
| Koha item type | Books |
| Date last seen | Total checkouts | Full call number | Accession number | Cost, total (INR) price | Price effective from | Category | Lost status | Damaged status | Department | Withdrawn status | Home library | Current library | Entry date | Vendor | Cost, normal purchase price | Grants | Billnumber | Billdate | Currency symbol | Conversion rate | Discount | Old discount |
|---|---|---|---|---|---|---|---|---|---|---|---|---|---|---|---|---|---|---|---|---|---|---|
| 26/01/2024 | 658.4092 DAF;1 `R' | 17396 | 651.44 | 26/01/2024 | Books | Central Library | Central Library | Central Library | 30/03/2001 | Allied publ. | 766.40 | MBA | BAN/CR/011710 | 27/01/2004 | RS | 1 | 114.96 | 15 |
